000 01678nam a2200337 4500
005 20240530110346.0
008 141209s1999 ua d gr 000 0 ara d
017 _a6534
_bمصر . دار الكتب المصرية
040 _aEG-CaGPL
041 _aara
082 0 4 _221
_a020.05\
_bم إ
110 2 _aالمكتبة الاكاديمية
_eناشر
245 1 2 _aالاتجاهات الحديثة فى المكتبات و المعلومات :
_bكتاب دورى محكم يصدر مؤقتا مرتين فى السنة /
_cلجنة التحرير محمد فتحى عبدالهادى ... [ واخ ] المسئول التنفيذى اسامة السيد محمود
_nالمجلد السادس ، العدد الحادى عشر ( يناير 1999 )
260 _aالقاهرة :
_bالمكتبة الاكاديمية ،
_c1999
300 _a209 ص ؛
_c24 سم
504 _aببليوجرافية : ص 203 - 209
650 0 4 _aالمكتبات
_xعلم
650 0 4 _aالخدمة المكتبية
650 0 4 _aشبكات المكتبات والمعلومات
650 0 4 _aالمكتبات
_xبرامج الحاسبات
650 0 4 _aالمعلومات
_xعلم
650 0 4 _aالمكتبات
_xفهارس
650 0 4 _aنظم المعلومات
700 0 _aمحمد فتحى عبدالهادى
_eمحرر
700 0 _aهشام عبدالله عباس
_eمحرر مشارك
700 0 _aالسيد احمد حسب الله
_eمحرر مشارك
700 0 _aابراهيم البندارى
_eمحرر مشارك
700 0 _aاسامة السيد محمود
_eمسئول تنفيذى
942 _2ddc
_cBK
999 _c59982
_d59982